Gramatické úlohy z angličtiny

Bibliographic Details
Main Authors: Bázlik, Miroslav, 1946-2020 (Author), Votruba, Martin, 1948-2018 (Author)
Format: Book
Language:English
Slovak
PhysicalDescription:96 s. 29 cm
Published: Bratislava Univerzita Komenského 1979
Edition:2. nezm. vyd.
Series:Vysokoškolské skriptá
Subjects:

MARC

LEADER 00000cam a2200000 a 4500
001 vtls001107260
003 SK-MaSNL
005 20260425224423.0
008 250313s1979 xo e 000 0 eng
015 |a SNBA1980 
035 |a SNK000050102 
035 |a urn:nbn:sk:snk-aml16y 
035 |a urn:nbn:sk:snk-am008ms2 
035 |a 55ABB3B2-64AB-43A3-8279-5B1857F69F4E 
040 |a SNK  |b slo  |c SNK  |e AACR2 
041 0 |a eng  |a slo 
044 |a xo  |c SK 
080 |a 802.0-5(075.8)(076.5)=20  |2 1981 
100 1 |a Bázlik, Miroslav,  |d 1946-2020  |4 aut  |9 226279 
245 1 0 |a Gramatické úlohy z angličtiny  |c Miroslav Bázlik, Martin Votruba 
250 |a 2. nezm. vyd. 
260 |a Bratislava  |b Univerzita Komenského  |c 1979 
300 |a 96 s.  |c 29 cm 
366 |e 210 výt. 
490 1 |a Vysokoškolské skriptá 
650 0 7 |a angličtina  |2 SNKPH  |9 1260 
655 7 |a učebnice vysokých škôl  |2 SNKPH  |9 70191 
700 1 |a Votruba, Martin,  |d 1948-2018  |4 aut  |9 258308 
810 2 |a Univerzita Komenského v Bratislave  |t Vysokoškolské skriptá  |9 277216 
830 0 |a Vysokoškolské skriptá  |9 276440 
852 |a Slovenská národná knižnica 
958 |a OND 
958 |a RM 
958 |a UV 
999 |c 613233  |d 615163 
952 |a SNK  |b SNK  |y PREZ  |7 0  |p 17A0972718  |o snkSB 29021  |i snkKSP 47/80  |0 0  |1 0  |4 0  |d 2014-09-18  |f 1  |l 0  |r 2025-04-03 00:00:00  |w 2026-02-23 
952 |a SNK  |b SNK  |y VYP  |7 0  |o snkSB 29021 D1  |i snkKSP 48/80  |0 0  |1 0  |4 0  |d 2014-09-18  |l 0  |r 2026-02-23 16:29:44  |w 2026-02-23